00668nam a2200205Ia 4500952013700000999001700137003000400154005001700158008004100175020001500216040000900231082001900240100002100259245005600280250001200336260004700348300000900395650001400404942004400418 00102ddc40708PRODUCTIONaMESbMEScECO d2019-02-20g150.00l0o338.954 MIS/Tp25188r2019-02-20 00:00:00w2019-02-20yBKzGL8R5 c10483d10483OSt20191216145338.0190216s9999||||xx |||||||||||||| ||und|| a8174935584 coclc a338.954bMIS/T aMisra, S K 9502 0aText Book Of Indian Economy /cS K Misra / V K Puri a3rd Ed. bHimalaya Publishing House,c1998.aMumbai: a349p aEconomics cBK2ddch338.954iMIS/Tk338.954mMIS/T